[Event "Chigorin Memorial 17th"]
[Site "St Petersburg"]
[Date "2009.10.17"]
[Round "2"]
[White "Weisbuch, Udi"]
[Black "Zykova, Antonina"]
[Result "1/2-1/2"]
[WhiteElo "2317"]
[BlackElo "2094"]
[PlyCount "151"]
[EventDate "2009.10.16"]
[EventType "swiss"]
[EventRounds "9"]
[EventCountry "RUS"]
[SourceTitle "CBM 132 Extra"]
[Source "ChessBase"]
[SourceDate "2009.11.03"]
[SourceVersion "1"]
[SourceVersionDate "2009.11.03"]
[SourceQuality "1"]

1. e4 c5 2. Nf3 e6 3. d3 Nc6 4. g3 d5 5. Nbd2 Nf6 6. Bg2 Be7 7. 0-0 b6 8. c3 Bb7 9. a3 h6 10. Qa4 Qc7 11. exd5 Nxd5 12. d4 0-0 13. dxc5 Bxc5 14. Ne4 Be7 15. c4 Nf6 16. Bf4 e5 17. Nxe5 Nxe5 18. Bxe5 Qxe5 19. Nxf6+ Bxf6 20. Bxb7 Rab8 21. Bd5 Qxb2 22. Qxa7 Bd4 23. Rae1 b5 24. c5 Rbc8 25. Rc1 Bxf2+ 26. Kh1 Qd4 27. Qd7 Rcd8 28. Qf5 Rxd5 29. Qxf2 Qxf2 30. Rxf2 Rc8 31. c6 Rc7 32. Rb2 Kh7 33. Kg2 Kg6 34. Kf3 Kf5 35. Ke3 Re7+ 36. Kf3 Rc7 37. Rc3 Ke5 38. Rbc2 Kd6 39. g4 h5 40. h3 hxg4+ 41. hxg4 Rd1 42. Ke4 Re7+ 43. Kf4 Rd4+ 44. Kf3 Rc7 45. Kg3 Rd5 46. Kh4 Rd4 47. Rf2 Rc4 48. Rd3+ Kxc6 49. Kg3 f6 50. Rfd2 Kb6 51. Kf3 Rc3 52. Ke4 Re7+ 53. Kf4 Rc4+ 54. Kf3 Ree4 55. g5 Rf4+ 56. Ke2 fxg5 57. Rd6+ Rc6 58. R6d5 Re6+ 59. Kd1 g4 60. Rg5 Ree4 61. Rxg7 Rd4 62. Rxd4 Rxd4+ 63. Kc2 Ra4 64. Kb3 Rf4 65. Kc3 Rf3+ 66. Kb4 Rf4+ 67. Kc3 Re4 68. Rg8 Re3+ 69. Kb4 g3 70. Rg6+ Kc7 71. Kxb5 Rxa3 72. Kc5 Kd7 73. Kd5 Ke7 74. Ke5 Kf7 75. Rg4 Ra5+ 76. Kf4 1/2-1/2

[Event "Biel MTO op 41st"]
[Site "Biel"]
[Date "2008.07.24"]
[Round "4"]
[White "Avrukh, Boris"]
[Black "Weisbuch, Udi"]
[Result "1-0"]
[WhiteElo "2656"]
[BlackElo "2315"]
[PlyCount "67"]
[EventDate "2008.07.21"]
[EventType "swiss"]
[EventRounds "11"]
[EventCountry "SUI"]
[SourceTitle "CBM 125 Extra"]
[Source "ChessBase"]
[SourceDate "2008.09.01"]
[SourceVersion "1"]
[SourceVersionDate "2008.09.01"]
[SourceQuality "1"]

1. d4 Nf6 2. c4 g6 3. g3 Bg7 4. Bg2 d6 5. Nc3 0-0 6. Nf3 c5 7. d5 e5 8. 0-0 Ne8 9. e4 h6 10. Nh4 Kh7 11. Bd2 Bf6 12. Nf3 Bg5 13. Nxg5+ hxg5 14. f4 gxf4 15. gxf4 exf4 16. Qf3 Nd7 17. Qxf4 Ne5 18. Qh6+ Kg8 19. Bg5 f6 20. Bf4 Kf7 21. Qh7+ Ng7 22. Bh6 Rg8 23. h3 Bd7 24. Rf2 Nd3 25. Rd2 Ne5 26. Rf1 Qe7 27. Rdf2 Nd3 28. Rxf6+ Qxf6 29. Rxf6+ Kxf6 30. e5+ Nxe5 31. Ne4+ Kf7 32. Nxd6+ Kf6 33. Bg5+ Kxg5 34. Ne4+ 1-0

[Event "Monarch Assurance 16th"]
[Site "Port Erin"]
[Date "2007.09.30"]
[Round "9"]
[White "Weisbuch, Udi"]
[Black "Collins, Sam E"]
[Result "0-1"]
[WhiteElo "2284"]
[BlackElo "2405"]
[PlyCount "52"]
[EventDate "2007.09.22"]
[EventType "swiss"]
[EventRounds "9"]
[EventCountry "IOM"]
[SourceTitle "CBM 120 Extra"]
[Source "ChessBase"]
[SourceDate "2007.11.01"]
[SourceVersion "1"]
[SourceVersionDate "2007.11.01"]
[SourceQuality "1"]

1. e4 e5 2. Nf3 Nc6 3. Bc4 Bc5 4. c3 Nf6 5. d3 d6 6. Bb3 a6 7. Nbd2 Ba7 8. Nc4 Ne7 9. Be3 b5 10. Ncd2 Ng6 11. d4 0-0 12. a4 exd4 13. cxd4 Bb7 14. axb5 axb5 15. Qe2 Qe8 16. Ra5 Nxe4 17. 0-0 Nxd2 18. Nxd2 Bxg2 19. Kxg2 Nf4+ 20. Bxf4 Qxe2 21. Bd5 Qg4+ 22. Bg3 Rad8 23. Nf3 Bb6 24. Rxb5 h6 25. h3 Qg6 26. Kh2 Qd3 0-1

[Event "Monarch Assurance 16th"]
[Site "Port Erin"]
[Date "2007.09.29"]
[Round "8"]
[White "Wright, William"]
[Black "Weisbuch, Udi"]
[Result "0-1"]
[WhiteElo "2186"]
[BlackElo "2284"]
[PlyCount "94"]
[EventDate "2007.09.22"]
[EventType "swiss"]
[EventRounds "9"]
[EventCountry "IOM"]
[SourceTitle "CBM 120 Extra"]
[Source "ChessBase"]
[SourceDate "2007.11.01"]
[SourceVersion "1"]
[SourceVersionDate "2007.11.01"]
[SourceQuality "1"]

1. d4 Nf6 2. c4 g6 3. Nc3 Bg7 4. e4 d6 5. Nf3 0-0 6. Be2 e5 7. d5 a5 8. Bg5 h6 9. Bh4 Qe8 10. Nd2 Na6 11. 0-0 Bd7 12. b3 Nh7 13. f3 h5 14. a3 Bh6 15. Rb1 Be3+ 16. Bf2 Bc5 17. Bxc5 dxc5 18. Rf2 Qd8 19. Nf1 h4 20. Qd2 Kg7 21. Na2 b6 22. b4 axb4 23. axb4 f5 24. b5 Nb8 25. exf5 Bxf5 26. Re1 Nd7 27. Nc3 Qg5 28. Ne3 Ra3 29. Bd3 Bxd3 30. Qxd3 Nhf6 31. Qc2 Qf4 32. Qb2 Rxc3 33. Qxc3 Ne4 34. Qc2 Nxf2 35. Qxf2 e4 36. Qb2+ Qe5 37. Qxe5+ Nxe5 38. fxe4 Rf4 39. Rc1 Rxe4 40. Rc3 Rf4 41. g3 Rf3 42. Kg2 g5 43. gxh4 gxh4 44. Ra3 h3+ 45. Kg1 Ng4 46. Nc2 Rxa3 47. Nxa3 Kf6 0-1

[Event "Monarch Assurance 16th"]
[Site "Port Erin"]
[Date "2007.09.27"]
[Round "6"]
[White "Weisbuch, Udi"]
[Black "Waters, Michael"]
[Result "1-0"]
[WhiteElo "2284"]
[BlackElo "2096"]
[PlyCount "57"]
[EventDate "2007.09.22"]
[EventType "swiss"]
[EventRounds "9"]
[EventCountry "IOM"]
[SourceTitle "CBM 120 Extra"]
[Source "ChessBase"]
[SourceDate "2007.11.01"]
[SourceVersion "1"]
[SourceVersionDate "2007.11.01"]
[SourceQuality "1"]

1. e4 c5 2. Nf3 d6 3. Bb5+ Nc6 4. 0-0 Bd7 5. c3 a6 6. Bxc6 Bxc6 7. Re1 e6 8. d4 d5 9. e5 Nh6 10. Bxh6 gxh6 11. Nbd2 Rg8 12. dxc5 Bxc5 13. Nb3 Ba7 14. Nbd4 Qb6 15. Qd2 Rg6 16. b3 0-0-0 17. a4 Rdg8 18. g3 Bd7 19. Qf4 Be8 20. h4 h5 21. Rac1 Kb8 22. Ng5 h6 23. Nh7 Rg4 24. Qf3 Rxd4 25. cxd4 Qxd4 26. Nf6 Rf8 27. Nxe8 Rxe8 28. Qxf7 Rd8 29. Qc7+ 1-0

[Event "Monarch Assurance 16th"]
[Site "Port Erin"]
[Date "2007.09.26"]
[Round "5"]
[White "Palliser, Richard"]
[Black "Weisbuch, Udi"]
[Result "1-0"]
[WhiteElo "2417"]
[BlackElo "2284"]
[PlyCount "75"]
[EventDate "2007.09.22"]
[EventType "swiss"]
[EventRounds "9"]
[EventCountry "IOM"]
[SourceTitle "CBM 120 Extra"]
[Source "ChessBase"]
[SourceDate "2007.11.01"]
[SourceVersion "1"]
[SourceVersionDate "2007.11.01"]
[SourceQuality "1"]

1. d4 Nf6 2. Nf3 g6 3. Nc3 d5 4. Bf4 c6 5. Qd2 h6 6. Ne5 Bg7 7. f3 Nfd7 8. Nxd7 Nxd7 9. e4 dxe4 10. Nxe4 Nf6 11. 0-0-0 Nxe4 12. fxe4 Bg4 13. Be2 Bxe2 14. Qxe2 Qa5 15. Kb1 0-0 16. h4 Rad8 17. e5 e6 18. h5 g5 19. Bxg5 hxg5 20. h6 Bh8 21. h7+ Kg7 22. Rdf1 Qb4 23. Rf6 Qe7 24. Qh5 Qxf6 25. exf6+ Kxf6 26. Rf1+ Ke7 27. Qxg5+ f6 28. Qc5+ Kf7 29. g4 a6 30. g5 f5 31. g6+ Kxg6 32. Qe7 Bxd4 33. Qxe6+ Kg7 34. c3 Bf6 35. h8Q+ Kxh8 36. Rh1+ Kg7 37. Qxf5 Rh8 38. Rg1+ 1-0

[Event "Hoogeveen Essent op"]
[Site "Hoogeveen"]
[Date "2005.10.29"]
[Round "9"]
[White "Weisbuch, Udi"]
[Black "Vul, Arkadi Eremeevich"]
[Result "1/2-1/2"]
[WhiteElo "2299"]
[BlackElo "2423"]
[PlyCount "52"]
[EventDate "2005.10.21"]
[EventType "swiss"]
[EventRounds "9"]
[EventCountry "NED"]
[SourceTitle "EXT 2006"]
[Source "ChessBase"]
[SourceDate "2005.11.24"]
[SourceVersion "1"]
[SourceVersionDate "2005.11.24"]
[SourceQuality "1"]

1. e4 e5 2. Nf3 Nc6 3. Nc3 Nf6 4. g3 d5 5. exd5 Nxd5 6. Bg2 Nxc3 7. bxc3 Bc5 8. d3 0-0 9. 0-0 Bg4 10. h3 Bh5 11. g4 Bg6 12. Ng5 Qd7 13. Rb1 Rab8 14. Qf3 Nd8 15. Qd5 Qxd5 16. Bxd5 c6 17. Bg2 f6 18. Ne4 Bxe4 19. Bxe4 Ne6 20. Be3 Kf7 21. Rb2 Rfc8 22. Bg2 Ke7 23. Bxc5+ Nxc5 24. f4 Nd7 25. Rb4 h6 26. Re1 Kd6 1/2-1/2

[Event "Hoogeveen Essent op"]
[Site "Hoogeveen"]
[Date "2005.10.28"]
[Round "8"]
[White "Kleijn, Christov"]
[Black "Weisbuch, Udi"]
[Result "0-1"]
[WhiteElo "2059"]
[BlackElo "2299"]
[PlyCount "90"]
[EventDate "2005.10.21"]
[EventType "swiss"]
[EventRounds "9"]
[EventCountry "NED"]
[SourceTitle "EXT 2006"]
[Source "ChessBase"]
[SourceDate "2005.11.24"]
[SourceVersion "1"]
[SourceVersionDate "2005.11.24"]
[SourceQuality "1"]

1. e4 e6 2. d4 d5 3. Nc3 Nf6 4. Bg5 Be7 5. e5 Nfd7 6. Bxe7 Qxe7 7. f4 a6 8. Nf3 c5 9. Qd2 Nc6 10. dxc5 Qxc5 11. 0-0-0 b5 12. Bd3 Nb6 13. Kb1 Bd7 14. Rhe1 Rb8 15. g4 Na4 16. Ne2 Qb4 17. Qxb4 Nxb4 18. Nc1 h5 19. h3 Ke7 20. g5 g6 21. Nd4 Rhc8 22. Nce2 Rc7 23. Nb3 Nb6 24. a3 Nc6 25. Nc5 Bc8 26. b4 Nc4 27. Ka2 a5 28. Bxc4 bxc4 29. bxa5 Rb5 30. Na4 Rxa5 31. Nb6 Bd7 32. Nd4 Nxd4 33. Rxd4 Rca7 34. Re3 R7a6 35. Nxd7 Kxd7 36. Rd1 Kc6 37. Kb2 Kc5 38. c3 Rxa3 39. Rb1 Rb3+ 40. Kc1 Rxb1+ 41. Kxb1 d4 42. cxd4+ Kxd4 43. Rf3 Ke4 44. Rc3 Rc6 45. Ra3 Rc7 0-1

[Event "Hoogeveen Essent op"]
[Site "Hoogeveen"]
[Date "2005.10.24"]
[Round "4"]
[White "Ouwendijk, Vincent"]
[Black "Weisbuch, Udi"]
[Result "1/2-1/2"]
[WhiteElo "2107"]
[BlackElo "2299"]
[PlyCount "103"]
[EventDate "2005.10.21"]
[EventType "swiss"]
[EventRounds "9"]
[EventCountry "NED"]
[SourceTitle "EXT 2006"]
[Source "ChessBase"]
[SourceDate "2005.11.24"]
[SourceVersion "1"]
[SourceVersionDate "2005.11.24"]
[SourceQuality "1"]

1. e4 e6 2. d4 d5 3. Nc3 Nf6 4. e5 Nfd7 5. f4 c5 6. Nf3 Nc6 7. Be3 cxd4 8. Nxd4 Bc5 9. Qd2 a6 10. 0-0-0 0-0 11. h4 Qc7 12. Rh3 Na5 13. Rg3 b5 14. Re1 Nb6 15. f5 Qxe5 16. Bf2 Qf6 17. Nxe6 Nac4 18. Bxc4 Nxc4 19. Bxc5 Nxd2 20. Nxd5 Qxh4 21. Rxg7+ Kh8 22. g3 fxe6 23. gxh4 Kxg7 24. Bxf8+ Kxf8 25. fxe6 Bb7 26. e7+ Kf7 27. Nc7 Ne4 28. Nxa8 Bxa8 29. Rg1 Nf6 30. Kd2 Bd5 31. Kc3 Be4 32. Kb4 Bxc2 33. Ka5 Kxe7 34. Kxa6 Bd3 35. Rd1 Nd7 36. Ka5 Ne5 37. Kb4 Ke6 38. b3 Kf5 39. Kc3 Be2 40. Rd2 Bf3 41. Kb4 Bc6 42. Kc5 h5 43. Rf2+ Bf3 44. Kxb5 Kg4 45. a4 Kxh4 46. Rxf3 Nxf3 47. a5 Nd4+ 48. Kb6 Nf5 49. a6 Nd6 50. Kc6 Nc8 51. Kb7 Nd6+ 52. Kc6 1/2-1/2